Statistics for Best Picture Winners/Nominees A-Z

Click here to take the quiz!

General Stats

  • This quiz has been taken 14 times
  • The average score is 18 of 26

Answer Stats

HintFilms% Correct
M🎬
100%
A🎬
100%
C🎬
100%
G🎬
100%
S🎬
100%
D🎬
92%
T🎬
92%
P🎬
92%
O🎬
92%
L🎬
92%
B🎬
85%
W🎬
85%
F🎬
85%
R🎬
69%
N🎬
69%
H🎬
69%
K🎬
62%
U🎬
62%
I🎬
54%
#🎬
46%
Q🎬
38%
J🎬
38%
E🎬
38%
Y🎬
23%
Z🎬
23%
V🎬
0%

Score Distribution

Percentile by Number Answered

Percent of People with Each Score

Your Score History

You have not taken this quiz